000 01055nam2a22002291 4500
001 rc\925067
005 20250622103457.0
035 _a(NLR Aleph) 006242815
090 _a6681670
_c6681670
100 _a20041129d1982 |||y0rusy50 ca
101 0 _arus
102 _aRU
105 _aa |||||||||
200 0 _aАльбом № 1
210 _d1982 (обл. 1984)
_aБ. м.
215 _a37 с.
_cил.
461 0 _1001rc\925066
_12001#$aНаглядное пособие конструктивных узлов и деталей по архитектуре гражданских зданий ...$vАльбом № 1
_1700#1$aКурбанлиев$bА.К.$gАта Курбанлиевич
_96681661
_aКурбанлиев, А.К.
_cАшхабад
_d1982
_nБ. и.
_tНаглядное пособие конструктивных узлов и деталей по архитектуре гражданских зданий ...
_vАльбом № 1
801 0 _aRU
_bNLR
_gpsbo
801 1 _aRU
_bELAR
_2rusmarc
852 _aNLR
_j85-8/751
942 _cBOOK
980 _aNB